000 00468nam a2200181Ia 4500
003 OSt
005 20230519112831.0
008 210423s1994 xx 000 0 und d
040 _cAL
041 _aeng
082 _a302
_223
_bKUPI
100 _aKUPPUSWAMY (B).
_9109546
245 _aIntroduction to social psychology.
260 _aNew Delhi
_bSage Publications
_c1994
365 _b130
_cINR
906 _aIntroduction ; psychology. ; social
942 _2ddc
_cBK
999 _c172589
_d172589